| 000 | 01159nam a2200229 i 4500 | ||
|---|---|---|---|
| 001 | 184277 | ||
| 003 | ES-MaACL | ||
| 005 | 20250809013833.0 | ||
| 008 | 150608s1896 sp |||| | spa d | ||
| 080 | _a339.5(460:410) | ||
| 080 | _a339.5(460:410) | ||
| 110 | 2 |
_aConsejo de Aduanas y Aranceles (España) _9156968 |
|
| 245 | 1 | 0 |
_aInforme emitido por la Sección Primera de dicho Consejo acerca del comercio español con la Gran Bretaña en 1894 y con la República Argentina en 1895 _b: este informe fue aprobado por el Consejo en pleno en la sesión celebrada el día 22 de mayo de 1896. |
| 260 |
_a[S.l.] : _b[s.n.], _c1896 ( _eMadrid : _fImp., Fund. y Fáb. de Tintas de los Hijos de J.A. García) |
||
| 300 |
_a20 p. ; _c23 cm. |
||
| 530 | _aDisponible en formato digital. | ||
| 651 | 7 |
_aEspaña- _xComercio exterior- _zGran Bretaña _2 _9172049 |
|
| 651 | 4 |
_aEspaña- _xComercio exterior- _zArgentina. _9156970 |
|
| 852 |
_aES-MaACL _jT-807-F-3 _z.- Enc. hol. conservando enc. original _z.- Enc. en un vol. facticio |
||
| 856 |
_uhttp://bdh-rd.bne.es/viewer.vm?id=0000088613&page=1 _zBiblioteca Digital Hispánica |
||
| 999 |
_c184277 _d184277 |
||